Štruktúra zamestnancov v odvetví agropotravinárstva

Skúmanie vývoja priemerného evidenčného počtu zamestnancov v odvetví poľnohospodárstva a výroby potravín a nápojov, vo vzťahu k podielu na počte zamestnancov za národné hospodárstvo Slovenskej republiky, priemerné mesačné mzdy a mzdovú paritu, štruktúru zamestnancov, podiel podľa dosiahnutého vzdel...

Full description

Saved in:
Bibliographic Details
Main Author: Tóth, Miroslav, 1961-
Format: Book Chapter
Language:Slovak
Subjects:
Tags: Add Tag
No Tags, Be the first to tag this record!

MARC

LEADER 00000naa$a2200000$$$4500
001 0250195
005 20240502074016.1
041 0 |a slo 
044 |a SK 
245 1 0 |a Štruktúra zamestnancov v odvetví agropotravinárstva  |c Miroslav Tóth 
520 |a Skúmanie vývoja priemerného evidenčného počtu zamestnancov v odvetví poľnohospodárstva a výroby potravín a nápojov, vo vzťahu k podielu na počte zamestnancov za národné hospodárstvo Slovenskej republiky, priemerné mesačné mzdy a mzdovú paritu, štruktúru zamestnancov, podiel podľa dosiahnutého vzdelania a produktivita na zamestnanca podľa výnosov odvetia. 
610 2 0 |a poľnohospodárstvo 
610 2 0 |a potravinárstvo 
610 2 0 |a zamestnanci 
610 2 0 |a zdroje ľudské 
610 2 0 |a vzdelanie 
610 2 0 |a vek 
610 2 0 |a mzdy 
100 1 |a Tóth, Miroslav, 1961-